000
00300nam a22001097a 4500
008
230627b xxu||||| |||| 00| 0 eng d
082
_a
338.888
_b
NGU 1978
245
_a
Readings on the Multinational Corporation in Kenya
260
_b
Oxford University Press
_c
1978
300
_a
X,315p
942
_2
ddc
_c
BK
999
_c
2938
_d
2938